| 000 | 01182nam0a2200325 4500 | ||
|---|---|---|---|
| 001 | RU\NLR\bibl\92465 | ||
| 005 | 20260406150213.0 | ||
| 010 |
_a5-04-003914-Х _910000 |
||
| 021 |
_aRU _b2000-6913 _9346 |
||
| 035 | _a(NLR Aleph) 000090348 | ||
| 090 |
_a506680 _c506680 |
||
| 100 | _a20000615d1999 |||y0rusy50 ca | ||
| 101 | 0 | _arus | |
| 102 | _aRU | ||
| 105 | _aa ||||||||| | ||
| 200 | 1 |
_aРубаи _fОмар Хайям _g[Худож.: Павел Бунин] |
|
| 210 |
_aМ. _cЭКСМО-Пресс _d1999 |
||
| 215 |
_a622 с. _cил. _d20 |
||
| 225 | 1 | _aЗарубежная классика | |
| 423 | 0 |
_12001#$aГазели$fХафиз _1210##$aМ.$cЭКСМО-Пресс$d1999 _1215##$aс. 295-602$cил. _1700#0$aХафиз$fок.1325-1389$4070$3RU\NLR\auth\779070 _tГазели _aХафиз (ок.1325-1389) |
|
| 686 | _aШ5(0)952.314-4Омар Хайям | ||
| 686 | _aШ5(0)952.314-4Хафиз | ||
| 700 | 0 |
_4070 _8rus _7ca _aОмар Хайям _f1048-1131 _3RU\NLR\AUTH\774823 _9114798 |
|
| 801 | 0 |
_aRU _bNLR _c20000615 _gPSBO |
|
| 801 | 1 |
_aRU _bNLR _c20000615 |
|
| 852 |
_aNLR _j2000-3/4726 |
||
| 942 | _cBOOK | ||
| 980 | _aNB | ||